Financial stability, world financial crisis and financial markets´ regulation: some new issues

Vybrané teoretické poznatky týkajúce sa finančnej krízy, finančnej stability a finančnej regulácie. Konfrontácia s reálnou situáciou na svetovej ekonomickej scéne.

Salvato in:
Dettagli Bibliografici
Autore principale: Pavlát, Vladislav
Natura: Capitolo di libro
Lingua:inglese
Soggetti:
Tags: Aggiungi Tag
Nessun Tag, puoi essere il primo ad aggiungerne!!

MARC

LEADER 00000naa a2200000 4500
001 0162102
005 20220715113148.6
041 0 |a eng 
044 |a CZ 
245 1 0 |a Financial stability, world financial crisis and financial markets´ regulation: some new issues  |c Vladislav Pavlát 
520 |a Vybrané teoretické poznatky týkajúce sa finančnej krízy, finančnej stability a finančnej regulácie. Konfrontácia s reálnou situáciou na svetovej ekonomickej scéne. 
610 2 0 |a kríza finančná 
610 2 0 |a kríza hospodárska 
610 2 0 |a trh finančný 
610 2 0 |a regulácia finančná 
100 1 |a Pavlát, Vladislav